000 00624cam a2200229 4500
008 090401t1997 xxu||||| |||| 00| 0 eng d
020 _a0727726145
035 _a(Sirsi) u82810
041 _aeng
050 _a526.96
110 _aInstitution of Civil Engineers
_91402
245 _aManagement of setting out in construction.
260 _aLondon
_bThomas Telford Ltd
_c1997
300 _aix,83p. : ill. ; 30cm.
350 _a17.5
490 _aICE Design and Practice Guide
650 _aSETTING OUT
690 _aMAPPING AND MEASUREMENT
700 _aSmith, Jim
_xEditor
942 _n0
948 _c19/12/1997
999 _c96837
_d96837